Central Library OPAC University of Rajshahi

Allah : (Record no. 9619)

MARC details
000 -LEADER
fixed length control field 00741nam a2200229 a 4500
001 - CONTROL NUMBER
control field 9619
003 - CONTROL NUMBER IDENTIFIER
rucl marc code BD-RjUL
005 - DATE AND TIME OF LATEST TRANSACTION
control field 20211208234817.0
008 - FIXED-LENGTH DATA ELEMENTS--GENERAL INFORMATION
fixed length control field 830131s1950 nyuo bf 001 0 eng
035 ## - SYSTEM CONTROL NUMBER
System control number (BD-RjUL)9664
040 ## - CATALOGING SOURCE
Original cataloging agency DLC
Transcribing agency BD-RjUL
Modifying agency BD-RjUL
Language of cataloging eng
041 ## - LANGUAGE CODE
Language code of text/sound track or separate title eng
082 00 - DEWEY DECIMAL CLASSIFICATION NUMBER
Classification number 297
Edition number 23
Author mark and year FIA 1950
100 1# - MAIN ENTRY--PERSONAL NAME
Personal name Fitch, Florence Mary
9 (RLIN) 221772
245 10 - TITLE STATEMENT
Title Allah :
Remainder of title the God of Islam, Moslem life and worship.
Statement of responsibility, etc. by Florence Mary Fitch ; illustrated with photographs selected by Beatrce Creighton and the author
260 ## - PUBLICATION, DISTRIBUTION, ETC. (IMPRINT)
Place of publication, distribution, etc. New York : Lothrop, Lee & Shepard co., Inc. ,
Name of publisher, distributor, etc. 1950
300 ## - PHYSICAL DESCRIPTION
Pagination 144 p. :
Illustrations ill. ;
Size 27 cm.
500 ## - GENERAL NOTE
General note Includes index
650 ## - SUBJECT ADDED ENTRY--TOPICAL TERM
Topical term or geographic name as entry element Islam
9 (RLIN) 221773
942 ## - ADDED ENTRY ELEMENTS (KOHA)
Source of classification or shelving scheme Dewey Decimal Classification
Koha item type Rare Books
Holdings
Lost status Source of classification or shelving scheme Damaged status Not for loan Collection code Permanent Location Current Location Shelving location Date acquired Source of acquisition Cost, normal purchase price Total Checkouts Full call number Date last seen Copy number Koha item type
  Dewey Decimal Classification   Not For Loan Non-fiction Central Library, University of Rajshahi Central Library, University of Rajshahi Rare Book Section 30/11/1966 A. I. Qureshi 14.40   RA 297 FIA 1950 17/07/2018 C-1 Rare Books